| 000 | 00388nam a2200145Ia 4500 | ||
|---|---|---|---|
| 008 | 230917s9999||||xx |||||||||||||| ||und|| | ||
| 040 |
_e57983 _aMAIN |
||
| 041 | _aEnglish | ||
| 082 | _a330.1543 J267M | ||
| 100 | _aJanssen, J M L, ed. | ||
| 245 | 0 | _aModels and dercision making in national economics | |
| 260 |
_aAmsterdam _bNorth-Holland _c1979 |
||
| 300 | _aix, 425 p. | ||
| 942 | _cBK | ||
| 999 |
_c207789 _d207789 |
||